Marin County Trivia - Statistics

General Stats
  • This quiz has been taken 11 times
  • The average score is 13 of 18
Answer Stats
Hint Answer % Correct
Highest point in Marin County Mt. Tamalpais
100%
Architect who designed Marin's iconic civic center Frank Lloyd Wright
89%
Coastal redwood forest named for a famous American naturalist Muir Woods
89%
Fault line that cuts through Marin, giving the county its distinctive shape San Andreas Fault
89%
Infamous California prison located on the Marin side of the San Rafael bridge San Quentin
89%
Capital city of Marin County; home to one of the area's oldest Spanish missions San Rafael
89%
Island that served as the "Ellis Island of the West" Angel Island
78%
Blockbuster director whose famous ranch is located in Marin George Lucas
78%
Native peoples who inhabited Marin County prior to European settlement Miwok
78%
Comedian who died in Tiburon, and for whom a tunnel in Marin County is named Robin Williams
78%
English explorer who first landed in Marin, and for whom the county's main thoroughfare is named Sir Francis Drake
78%
"All Eyez on Me" rapper who attended high school in Marin Tupac Shakur
78%
Sport developed in Marin County during the 1970s and 80s Mountain biking
67%
Name of the aforementioned ranch Skywalker Ranch
67%
Only county with which Marin shares a land border Sonoma County
56%
"American Taliban" fighter who grew up in Marin County John Walker Lindh
44%
Name of the bay formed by the above fault line Tomales Bay
44%
Latin name the above explorer gave to Marin upon seeing its coastal cliffs Nova Albion
11%
No matching quizzes found
Score Distribution
Percent of People with Each Score
Percentile by Number Answered
Your Score History
You have not taken this quiz